Oversikt over islam - Statistics

General Stats
  • This quiz has been taken 375 times
    108 since last reset
  • The average score is 23 of 41
Answer Stats
Hint Answer % Correct
Det arabiske ordet for Gud (også Guds navn) Allah
100%
Den hellige boken i islam Koranen
96%
Fødebyen hans, og en av de to helligste byene i islam Mekka
96%
Den historiske grunnleggeren av, men også den siste profeten ifølge islam Muhammad
96%
Byen han flyktet til, og en av de to helligste byene i islam Medina
92%
Arabisk for tillatt Halal
75%
Arabisk for forbudt Haram
75%
Tittelen til lederen av det muslimske riket etter Muhammads død Kalif
75%
Fastemåneden (den niende i kalenderen) Ramadan
75%
Den nest største retningen innenfor islam, med 200 millioner tilhengere Shia
75%
Den største retningen innenfor islam, med 1.4 milliarder tilhengere Sunni
75%
Hjørnesteinene i religiøs praksis som muslimer må overholde De fem søylene
71%
Avslutningsfesten på fasten Id al-fitr (lille id)
63%
Den kube-formede bygningen i Mekka, den helligste bygningen i islam Kaba
63%
Islamsk mystikk (med fokus på den indre opplevelsen av Gud) Sufisme
63%
En individuell fortelling om noe Profeten sa eller gjorde (som det finnes tusenvis av) Hadith
58%
Det arabiske navnet på engelen Gabriel Jibril
58%
Et islamsk gudshus Moské (eller Masjid)
58%
Fullfør trosbekjennelsen: Det er ingen gud utenom Allah Og Muhammad er hans profet
58%
Det islamske bønneritualet som gjennomføres fem ganger daglig i retning mot Kaba i Mekka Salah/Salat
58%
Guds lov Sharia
58%
Den obligatoriske veldedighetsskatten på 2,5 % Zakah/Zakat
58%
Muhammads fetter og svigersønn Ali
54%
Det jøder og kristne blir kalt i Koranen Bokens folk
54%
Den nevnte flukten som markerer starten på islamsk tidsregning i 622 Hijra
54%
Fasten (på arabisk)) Sawm
54%
Arabisk for trosbekjennelsen Shahada
54%
Fellesbetegnelse på den normative arven eller tradisjonen etter Muhammad, basert på hva han sa og gjorde (som ordet sunni kommer fra), gjenfortalt i hadither Sunnah
54%
Det universelle muslimske fellesskapet Ummah
54%
Pilegrimsreisen til Mekka Hajj
50%
Sammenfatningen av tingene som muslimer må tro på De seks trosartiklene
46%
De islamske lærde som gruppe Ulama
42%
En uttalelse i et lovspørsmål, gjort av en rettslærd etter sin tolkning Fatwa
33%
De arabiske (og dermed islamske) navnene for paradiset og helvete Jannah og Jahannam
29%
Tårnet som en bønneroper kaller til bønn fra Minaret
29%
Det man kaller hendelsen da Muhammad skal ha blitt flydd til Jerusalem, og deretter steget til himmelen for å møte Gud Nattreisen (himmelreisen)
29%
Avslutningsfesten på pilegrimsreisen til Mekka (om man dro eller ikke), som skal minnes Abrahams lydighet til Gud Id al-adha (store id)
25%
Den åttekantede bygningen som er en muslimsk helligdom bygd på den gamle tempelhøyden i Jerusalem Klippedomen
25%
Tittelen som mange rettslærde bruker Mufti
21%
De to største hadith-samlingene i sunni-islam (oppkalt etter personene som samlet dem) Sahih Bukhari og Sahih Muslim
13%
De messianske figurene som skal dukke opp i endetiden før dommedag, ifølge islamsk eskatologi (lære om endetiden) Mahdi og Jesus
8%
No matching quizzes found
Score Distribution
Percent of People with Each Score
Percentile by Number Answered
Your Score History
You have not taken this quiz since the last reset